Jubileo y aleluyas de Lope de Vega: ensayos de simpatía
Uloženo v:
| Hlavní autor: | |
|---|---|
| Médium: | Kniha |
| Jazyk: | španělština |
| Vydáno: |
Madrid
Espasa-Calpe
1936
|
| Témata: | |
| Tagy: |
Přidat tag
Žádné tagy, Buďte první, kdo vytvoří štítek k tomuto záznamu!
|
MARC
| LEADER | 00000nam a2200000 a 4500 | ||
|---|---|---|---|
| 001 | UCZ1723 | ||
| 003 | CL-VaPUC | ||
| 008 | 950831e19360000SP |||||||||||||||||spa|d | ||
| 082 | 0 | 4 | |a 862.09 |b SAI |2 21 |
| 100 | 0 | |a Sáinz de Robles, Federico Carlos |e author |9 345360 | |
| 245 | 1 | 0 | |a Jubileo y aleluyas de Lope de Vega: ensayos de simpatía |
| 300 | |a 189 p | ||
| 942 | |c BK | ||
| 945 | |d 19950831 00:00:00 |a rbrito | ||
| 260 | |a Madrid |b Espasa-Calpe |c 1936 | ||
| 600 | 0 | 7 | |a VEGA, LOPE DE |2 CL-VaPUC |9 319628 |
| 650 | 0 | |a Teatro español |9 265077 | |
| 650 | 0 | |a Crítica e interpretación |9 255042 | |
| 583 | |a last modification |c 19950831 00:00:00 |k Rodrigo Vera | ||
| 999 | |c 238429 |d 238427 | ||
| 952 | |0 0 |1 0 |4 0 |6 862_090000000000000_SAI_1936 |7 0 |8 A |9 248604 |a BIBEDU |b BIBEDU |d 2019-11-18 |i 3104222 |o 862.09 SAI 1936 |p 3104222 |r 2019-11-18 |w 2019-11-18 |y BK |k LIT | ||